El proceso : 1976-1983 /

Guardado en:
Autor Corporativo: UBA.
Formato: Deslizar
Series:Sociedad y Estado
Materias:
Etiquetas: Agregar Etiqueta
Sin Etiquetas, Sea el primero en etiquetar este registro!
LEADER 01024ngm a22002895g 4500
001 CEM.cems022543
008 130507b2001##################0###0#####d
005 20241106160218.0
245 1 0 |a El proceso :  |b 1976-1983 /  |c UBA. 
300 |a 26'. 
490 0 |a Sociedad y Estado 
500 |a En soporte VHS, consultar en ventanilla. 
505 0 |a El Golpe del 24 de marzo del 76'. La represión. Los desaparecidos. El terrorismo de Estado. La política económica de Martínez de Hoz. La guerra de Malvinas. 
538 |a Soporte: VHS - Norma: Pal N - Color: Si - Grabación DRD 2001 - Hitachi=3375. 
110 2 |a UBA. 
082 9 8 |/ UBA-3 
653 |a HISTORIA ARGENTINA 
653 |a VIDELA 
653 |a PROCESO DE REORGANIZACION NACIONAL 
653 |a DESAPARECIDOS 
653 |a GOLPE DEL 76' 
653 |a DICTADURA 
653 |a REPRESION 
653 |a TERRORISMO DE ESTADO 
653 |a NIVEL PRIMARIO 
653 |a NIVEL SECUNDARIO 
859 |a CEMS  |b BIB. CEMS - Depto. Recursos Didacticos  |h 982  |i UBA-3  |k DRD  |p 1186.12  |t Ej.1